000 00766cad a22001935a 4500
008 240321t2023 xxka fo 000 0 eng d
041 0 _aeng
110 2 _aRoyal Institution of Chartered Surveyors
_94900
245 0 0 _aChecklist of documents relevant to a right of light dispute
_h[electronic resource]
260 _aLondon,
_bRICS,
_cNovember 2023
300 _a2p.
500 _aFor use with the 3rd edition of Rights of Light, published March 2024
650 _aRIGHTS TO LIGHT
650 _aEASEMENTS
651 4 _aEngland and Wales
690 _aRights of light
_96267
856 4 1 _uhttps://www.rics.org/content/dam/ricsglobal/documents/standards/Checklist-of-documents-relevant-to-a-right-of-light-dispute.pdf
_zAvailable on RICS.org
942 _n0
_2ddc
999 _c121866
_d121866